000
00287 a2200145 4500
001
168876
020
_a
040
_c
Magnum
100
_a
Dinorah, Maria
240
1
0
_a
Pra falar de amor
_l
por
245
1
0
_a
Pra falar de amor
362
0
_a
1899
697
_a
IJ/POESIA
942
_c
BK
999
_c
168876
_d
168876